000
00281nam a2200121Ia 4500
008
230907s9999||||xx |||||||||||||| ||und||
082
_a
530
_b
GIA
100
_a
Giambattista, Alan,
_9
30137
245
0
_a
Physics /
300
_a
pages cm
650
_a
Textbooks.
_9
8511
942
_c
BK
999
_c
601078
_d
601078